| 000 | 00526nam a2200205Ia 4500 | ||
|---|---|---|---|
| 008 | 170918s9999 xx 000 0 und d | ||
| 020 | _a9788179044360 | ||
| 050 | _bD548 2008 | ||
| 100 | _aDickens, Charles | ||
| 245 | 2 | _aA tale of two cities / | |
| 245 | _cby Charles Dickens ; retold by M.K. Parthasarathy. | ||
| 250 | _aFirst edition. | ||
| 260 | _aIndia : | ||
| 260 | _bApple Books, | ||
| 260 | _c2008 | ||
| 300 | _a138 pages : | ||
| 300 | _billustrations ; | ||
| 300 | _c17cm. | ||
| 300 | _eScholarly series. | ||
| 999 |
_c344325 _d344325 |
||